000 00996nam a22003257a 4500
001 0036596
003 KOHA_MİRAKIL
005 20260207003011.0
007 ta
008 120430b2011 tu |||gr||||#||||0|tur |
020 _a9786055426743
040 _aTR-BiSEU
_btur
_cTR-BiSEU
_erda
041 0 _atur
044 _ctu
050 _aQA551
_b.S23 2011
100 1 _aSabuncuoğlu, Arif.
245 1 _aÇözümlü analitik geometri alıştırmaları/
_cArif Sabuncuoğlu ; Arif Sabuncuoğlu.
264 1 _aAnkara :
_bNobel
_c2011
300 _a414 sayfa ;
_c20 cm
336 _ametin
_btxt
_2rdacontent
337 _aaracısız
_bn
_2rdamedia
338 _acilt
_bnc
_2rdacarrier
490 1 _aNobel yayın no ;
_v75.
490 1 _aMatematik-İstatistik no ;
_v2.
500 _aKaynakça var.
650 0 _aAnalitik geometri--Problemler, alıştırmalar, vb.
_93157
830 1 _aNobel yayın no ;
_v75.
_91940
830 1 _aMatematik-İstatistik no ;
_v2.
_969267
942 _2lcc
_cBK
999 _c36488
_d36488